General Agriculture For Postgraduate Enteance Exam Test (PET )BHU (Record no. 164)

MARC details
000 -LEADER
fixed length control field 00415nam a22001577a 4500
020 ## - INTERNATIONAL STANDARD BOOK NUMBER
International Standard Book Number 978-81-8360-231-0
041 ## - LANGUAGE CODE
Language code of text/sound track or separate title ENG
100 ## - MAIN ENTRY--PERSONAL NAME
Personal name Elangovan.A
245 ## - TITLE STATEMENT
Title General Agriculture For Postgraduate Enteance Exam Test (PET )BHU
250 ## - EDITION STATEMENT
Edition statement 3 rd
260 ## - PUBLICATION, DISTRIBUTION, ETC. (IMPRINT)
Place of publication, distribution, etc New Delhi
Name of publisher, distributor, etc Jain Broyhers
Date of publication, distribution, etc 2019
300 ## - PHYSICAL DESCRIPTION
Extent 396
650 ## - SUBJECT ADDED ENTRY--TOPICAL TERM
Topical term or geographic name as entry element Competitive Exam
700 ## - ADDED ENTRY--PERSONAL NAME
Personal name Pothiraj.G ,Ashok Kumar
856 ## - ELECTRONIC LOCATION AND ACCESS
Uniform Resource Identifier Competitive Exam
Holdings
Withdrawn status Lost status Source of classification or shelving scheme Damaged status Not for loan Home library Current library Date acquired Cost, normal purchase price Total Checkouts Barcode Date last seen Price effective from Koha item type
    Dewey Decimal Classification     College of Agricultural Engineering and Technology, Dapoli , Library Liberty 15/01/2021 275.00   007740 15/01/2021 15/01/2021 Books
    Dewey Decimal Classification     College of Agricultural Engineering and Technology, Dapoli , Library Liberty 15/01/2021 275.00   007741 15/01/2021 15/01/2021 Books

Contact Us: College of Agricultural Engineering and Technology, Dapoli, Dist.- Ratnagiri
Website: https://dbskkv.org Email: caetlibrary2015@gmail.com